Studies in Indian sociology. (Record no. 84314)

MARC details
000 -LEADER
fixed length control field 00711cam a2200265 4500
001 - CONTROL NUMBER
control field sa 68012112
003 - CONTROL NUMBER IDENTIFIER
control field DLC
005 - DATE AND TIME OF LATEST TRANSACTION
control field 20260227112607.0
008 - FIXED-LENGTH DATA ELEMENTS--GENERAL INFORMATION
fixed length control field 691104m19689999ii b 001 0 eng
010 ## - LIBRARY OF CONGRESS CONTROL NUMBER
LC control number sa 68012112
025 ## - OVERSEAS ACQUISITION NUMBER
Overseas acquisition number PL480:I-E-10609
040 ## - CATALOGING SOURCE
Original cataloging agency DLC
Transcribing agency DLC
Modifying agency DLC
043 ## - GEOGRAPHIC AREA CODE
Geographic area code a-ii---
050 00 - LIBRARY OF CONGRESS CALL NUMBER
Classification number HM22.I5
Item number S7
082 00 - DEWEY DECIMAL CLASSIFICATION NUMBER
Classification number 301/.0954
100 1# - MAIN ENTRY--PERSONAL NAME
Personal name Srivastava, H. C.
Fuller form of name (Harish Chandra),
Dates associated with a name 1932-
245 10 - TITLE STATEMENT
Title Studies in Indian sociology.
250 ## - EDITION STATEMENT
Edition statement [1st ed.]
260 ## - PUBLICATION, DISTRIBUTION, ETC.
Place of publication, distribution, etc. Varanasi,
Name of publisher, distributor, etc. Samajshastra Prakashan
Date of publication, distribution, etc. [1968-
300 ## - PHYSICAL DESCRIPTION
Extent v.
Dimensions 23 cm.
350 ## - PRICE (NR) (BK AM CF MU VM SE) [OBSOLETE]
Price 12.00 (v. 1)
504 ## - BIBLIOGRAPHY, ETC. NOTE
Bibliography, etc. note Bibliographical footnotes.
650 #0 - SUBJECT ADDED ENTRY--TOPICAL TERM
Topical term or geographic name entry element Sociology
Geographic subdivision India
General subdivision History.
650 #0 - SUBJECT ADDED ENTRY--TOPICAL TERM
Topical term or geographic name entry element Hindu sociology.

No items available.

Powered by Koha